<?xml version="1.0" encoding="UTF-8"?><?xml-stylesheet type="text/xsl" href="static/style.xsl"?><OAI-PMH xmlns="http://www.openarchives.org/OAI/2.0/" xmlns:xsi="http://www.w3.org/2001/XMLSchema-instance" xsi:schemaLocation="http://www.openarchives.org/OAI/2.0/ http://www.openarchives.org/OAI/2.0/OAI-PMH.xsd"><responseDate>2026-04-27T14:10:46Z</responseDate><request verb="GetRecord" identifier="oai:riubu.ubu.es:10259/5385" metadataPrefix="marc">https://riubu.ubu.es/oai/request</request><GetRecord><record><header><identifier>oai:riubu.ubu.es:10259/5385</identifier><datestamp>2021-11-02T12:28:17Z</datestamp><setSpec>com_10259_2699</setSpec><setSpec>col_10259_2703</setSpec></header><metadata><record xmlns="http://www.loc.gov/MARC21/slim" xmlns:doc="http://www.lyncode.com/xoai" xmlns:xsi="http://www.w3.org/2001/XMLSchema-instance" xmlns:dcterms="http://purl.org/dc/terms/" xsi:schemaLocation="http://www.loc.gov/MARC21/slim http://www.loc.gov/standards/marcxml/schema/MARC21slim.xsd">
<leader>00925njm 22002777a 4500</leader>
<datafield tag="042" ind1=" " ind2=" ">
<subfield code="a">dc</subfield>
</datafield>
<datafield tag="720" ind1=" " ind2=" ">
<subfield code="a">Rodrigues, João Francisco do Lago</subfield>
<subfield code="e">author</subfield>
</datafield>
<datafield tag="260" ind1=" " ind2=" ">
<subfield code="c">2017</subfield>
</datafield>
<datafield tag="520" ind1=" " ind2=" ">
<subfield code="a">El presente trabajo expone los resultados de la investigación doctoral llevada a cabo para conocer la gestación y desarrollo de los procesos de cambio experimentados por la educación superior en la construcción del Espacio Europeo de Educación Superior durante el período 1999-2010. Mediante el análisis hermenéutico, apoyado fundamentalmente en la sociología de la educación y en el historicismo racionalista de los hechos, documentos, discursos y praxis instrumentados en torno al proceso de Bolonia, tomando en consideración también  las transformaciones operadas en la estructura institucional y social de las universidades, así como el comportamiento de sus actores, intentamos mostrar cómo emerge la racionalización e internacionalización como procesos fundamentales de modernización universitaria y cómo se materializan en las estructuras pedagógicas ordenadas a cubrir las nuevas expectativas de la sociedad ante la misión universitaria</subfield>
</datafield>
<datafield tag="520" ind1=" " ind2=" ">
<subfield code="a">The present work exposes the results of the doctoral investigations done with the aim of knowing the conduction and development of the changing processes experimented on higher education in the construction of the European Space of Higher Education during the period 1999-2010. Through hermeneutic analysis based specially on the sociology of education and of the rationalist historicism, facts, documents, discurses and praxis instrumented based on the Bologna Process, also taking into consideration the universities’ institutional and social structures transformations, as well as the behavior of its actors , we seek to show how rationalization and internationalization emerges as fundamental processes of the modernization of universities and how they materialize in the ordered educational structures to attend the new expectations of society up on the university mission.</subfield>
</datafield>
<datafield tag="024" ind2=" " ind1="8">
<subfield code="a">http://hdl.handle.net/10259/5385</subfield>
</datafield>
<datafield tag="024" ind2=" " ind1="8">
<subfield code="a">10.36443/10259/5385</subfield>
</datafield>
<datafield ind1=" " ind2=" " tag="653">
<subfield code="a">Reforma universitaria</subfield>
</datafield>
<datafield ind1=" " ind2=" " tag="653">
<subfield code="a">Espacio Europeo de Educación Superior</subfield>
</datafield>
<datafield ind1=" " ind2=" " tag="653">
<subfield code="a">Proceso de Bolonia</subfield>
</datafield>
<datafield ind1=" " ind2=" " tag="653">
<subfield code="a">Racionalización Universitaria</subfield>
</datafield>
<datafield ind1=" " ind2=" " tag="653">
<subfield code="a">Internacionalización</subfield>
</datafield>
<datafield ind1=" " ind2=" " tag="653">
<subfield code="a">Academic Reform</subfield>
</datafield>
<datafield ind1=" " ind2=" " tag="653">
<subfield code="a">European Space of Higher Education</subfield>
</datafield>
<datafield ind1=" " ind2=" " tag="653">
<subfield code="a">Bologna Process</subfield>
</datafield>
<datafield ind1=" " ind2=" " tag="653">
<subfield code="a">Academic Rationalization</subfield>
</datafield>
<datafield ind1=" " ind2=" " tag="653">
<subfield code="a">Internationalization</subfield>
</datafield>
<datafield tag="245" ind1="0" ind2="0">
<subfield code="a">Racionalización e internacionalización en la construcción del Espacio Europeo de Educación Superior y su proyección iberoamericana (1999-2010). Estudio de caso de la Universidad de Valladolid</subfield>
</datafield>
</record></metadata></record></GetRecord></OAI-PMH>